| 000 | 01096nam a22003255i 4500 | ||
|---|---|---|---|
| 999 |
_c27924 _d27895 |
||
| 001 | 17776327 | ||
| 003 | EG-ScBUE | ||
| 005 | 20191219111606.0 | ||
| 008 | 130613r20122001enka f bd 001 0 eng d | ||
| 020 | _a9781849203012 (pbk.) | ||
| 040 |
_aDLC _beng _erda _cDLC _dEG-ScBUE |
||
| 082 | 0 | 4 |
_a001.42 _bKUM _222 |
| 100 | 1 |
_aKumar, Ranjit, _eauthor. _936152 |
|
| 245 | 1 | 0 |
_aResearch methodology : _ba step-by-step guide for beginners / _cRanjit Kumar. |
| 246 | 3 |
_aResearch methodology : _ba step by step guide for beginners |
|
| 250 | _aThird edition. | ||
| 250 | _aReprint edition. | ||
| 264 | 1 |
_aLondon : _bSage Publication Ltd., _c2012. |
|
| 300 |
_axvii, 415 pages : _billustrations ; _c23 cm |
||
| 336 |
_atext _btxt _2rdacontent |
||
| 337 |
_aunmediated _bn _2rdamedia |
||
| 338 |
_avolume _bnc _2rdacarrier |
||
| 500 | _aIncludes glossary. | ||
| 504 | _aIncludes bibliographical references and index. | ||
| 650 | 7 |
_aResearch _xMethodology _2BUEsh _927690 |
|
| 650 | 7 |
_aSocial sciences _xResearch _xMethodology. _2BUEsh |
|
| 651 | _2BUEsh | ||
| 653 |
_bGGEN _cDecember2019 |
||
| 942 |
_2ddc _cBB |
||